Grandi felini (con immagini) - Statistics

Statistiche generali
  • Questo quiz è stato fatto 145 volte
  • Il punteggio medio è 7 su 9
Statistiche sulle risposte
con Immagini Risposta % Corretto
leone
100%
tigre
100%
ghepardo
97%
lince / lince eurasiatica
94%
leopardo
93%
puma
76%
giaguaro
70%
leopardo delle nevi
40%
leopardo nebuloso
13%
Nessun quiz corrispondente trovato
Distribuzione punteggi
Percentuale di utenti per punteggio
Percentile per numero di risposta
I tuoi punteggi nel tempo
Non hai fatto questo quiz